00000000nam##2200000za#4500
0019.612717
003CaOODSP
00520200327125333
007ta
008150406|1995||||xxc|||||     f|0| 0 eng|d
022 |a0706-6457
040 |aCaOODSP|beng
043 |an-cn---
0861 |aFs97-6/2067E
1101 |aCanada. |bDepartment of Fisheries and Oceans.
24510|aInfection dynamics of sea lice, Lepeophtheirus salmonis (Copepoda: Caligidae) parasitic on Atlantic salmon (Salmo salar) cultured in marine waters of the lower Bay of Fundy / |cby W. E. Hogans.
260 |aOttawa - Ontario : |bFisheries and Oceans Canada |c1995.
300 |aiv, 10p. : |bgraphs, tables ; |c28 cm.
4901 |aCanadian technical report of fisheries and aquatic sciences|x0706-6457|v2067
500 |aPrepared at the Biological Station, St. Andrews, New Brunswick E0G 2X0.
546 |aRésumés en français
563 |aSoftcover
590 |a95-52|b1995-12-29
69007|aFisheries|2gcpds
7201 |aHogans, W. E.
7760#|tInfection dynamics of sea lice, Lepeophtheirus salmonis (Copepoda:Caligidae) parasitic on Atlantic salmon (Salmo salar) cultured in marine waters of the lower Bay of Fundy / |w(CaOODSP)9.573878
830#0|aCanadian technical report of fisheries and aquatic sciences,|x0706-6457|v2067|w(CaOODSP)9.514691